Загрузка...

The intimate enemy

Библиографические подробности
Главный автор: Nandy ,Ashis
Формат: Printed Book
Язык:English
Опубликовано: OUP, Delhi OUP, Delhi 1983
LEADER 00464nam a2200133Ia 4500
008 111205s9999 xx 000 0 eng d
082 |a 853 AKB/S 
100 |a Nandy ,Ashis 
245 |a The intimate enemy  |c Nandy ,Ashis 
260 |b OUP, Delhi  |a OUP, Delhi  |c 1983 
300 |a 121 
942 |c BK 
999 |c 218060  |d 218060 
952 |0 0  |1 0  |2 ddc  |4 0  |6 E_325_300000000000000_NAN_I  |7 0  |9 240977  |a MAL  |b MAL  |c ST1  |d 1995-12-16  |g 50.00  |l 0  |o E 325.3 NAN/I  |p MAL21365  |r 2014-01-01  |v 50.00  |w 2011-12-05  |y BK